| 000 | 01016nam a2200301 i 4500 | ||
|---|---|---|---|
| 003 | EG-GICUC | ||
| 005 | 20260228090518.0 | ||
| 008 | 260228s1938 -uk |fr|||| 000 0 eng d | ||
| 040 |
_aEG-GiCUC _beng _cEG-GiCUC _dEG-GiCUC _erda |
||
| 041 | 0 | _aeng | |
| 082 | 0 | 4 |
_221 _a341.71 _b WO . S |
| 092 | 0 | 4 | _221 |
| 099 | _aLaw1 11 341.71 WO . S 1938 | ||
| 100 | 1 |
_aWoodhouse, W. J _eAuthor. |
|
| 245 | 1 | 0 |
_aSolon The Liberator : _bA Study Of The Agrarian Problem In Attika In The Seventh Century / _cBy W. J. Woodhouse. |
| 264 | 3 |
_aLondon : _bOxford University Press, _c1938. |
|
| 300 |
_a218 pages, _c24 cm |
||
| 336 |
_2rda content _atext |
||
| 337 |
_2rda media _aComputer |
||
| 338 |
_2rda carrier _aOnline Resource |
||
| 504 | _aIncludes bibliographical references and index. | ||
| 504 | _aBibliography: pages 209-216. | ||
| 546 | _aText in English | ||
| 650 | 1 | 4 | _aPublic international law |
| 856 | 4 | 0 | _uhttps://fll.law.cu.edu.eg/fulltext/bks/B11-08239.pdf |
| 905 | _a48 | ||
| 942 |
_2ddc _cBK _e21 _n0 |
||
| 999 |
_c64338 _d64338 |
||